Metallica - Blackened - Statistics

General Stats
  • This quiz has been taken 47 times
  • The average score is 27 of 38
Answer Stats
Hint Answer % Correct
Blackened is the ___ end
100%
Blackened is the ___ end
100%
___ is the end Blackened
93%
___ is the end Blackened
93%
To ___ whipping dance of the dead begin
91%
To ___ whipping dance of the dead begin
91%
Put to ___ death
91%
Death of mother ___ earth
88%
Fire, to begin ___ dance of the dead whipping
88%
Fire, to begin ___ dance of the dead whipping
88%
Never a ___ rebirth
86%
___ our world blackened Color
84%
Fire, to begin whipping ___ of the dead dance
84%
See our mother ___ die
81%
Color ___ world blackened, blackened our
81%
See our ___ mother
79%
To begin whipping dance of the ___ dead
77%
Terminate its ___ worth
77%
___ it will send Winter
74%
True death of ___ life
72%
___ of our years, in minutes disappear Millions
70%
Deadly ___, kills what might have been nicotine
70%
Throwing all you see into ___ obscurity
70%
Expectation, liberation, population, lay to ___ waste
70%
Evolution´s end, never will it ___, never mend
67%
Never ___ before seen
67%
Color our ___ blackened, blackened world
67%
Darkest color, ___ earth blistered
65%
All is said and done, never is the ___, never sun
65%
Smoldering ___, take her breath away decay
63%
In the exit of ___ humanity
60%
Opposition, ____, premonition, compromise contradiction
56%
Breathing ___, never nevermore
53%
Termination, expiration, ___, human race cancellation
49%
___,vilation, mutilation, planet dies Agitation
47%
Darkening in ___, decadance remains vain
42%
___ of earth Blistering
37%
Fire, is the outcome of __, darkest potency hypocrispy
0%
No matching quizzes found
Score Distribution
Percent of People with Each Score
Percentile by Number Answered
Your Score History
You have not taken this quiz